Villes du Québec - Statistiques

Statistiques générales
  • Ce quiz a été pris 113 fois
  • Le résultat moyen est 20 sur 50
Statistiques - réponses
Réponse % Correct
Montréal
100%
Québec
99%
Laval
81%
Sherbrooke
74%
Trois-Rivières
73%
Gatineau
65%
Longueuil
62%
Saguenay
60%
Lévis
59%
Drummondville
57%
Rimouski
55%
Granby
51%
Saint-Jérôme
51%
Brossard
50%
Terrebonne
50%
Repentigny
47%
Victoriaville
47%
Saint-Jean-sur-Richelieu
44%
Saint-Hyacinthe
43%
Val-d'Or
42%
Rouyn-Noranda
41%
Shawinigan
40%
Mirabel
37%
Blainville
36%
Saint-Eustache
36%
Alma
34%
Boucherville
34%
Magog
34%
Sept-Îles
33%
Chambly
31%
Mascouche
31%
Sorel-Tracy
28%
Châteauguay
26%
Sainte-Julie
26%
Boisbriand
24%
Saint-Georges
22%
Saint-Lambert
21%
Beloeil
20%
La Prairie
20%
Varennes
20%
Sainte-Thérèse
19%
Thetford Mines
19%
Saint-Constant
17%
Vaudreuil-Dorion
16%
Dollard-Des Ormeaux
15%
Pointe-Claire
15%
Saint-Bruno-de-Montarville
15%
Salaberry-de-Valleyfield
15%
L'Assomption
10%
Côte-Saint-Luc
8%
Aucun quiz correspondant
Distribution des résultats
% des personnes avec chaque résultat
Percentile par nombre de réponses
Votre historique - résultats
Vous n’avez pas pris ce quiz